노랜말에 있는 제목은 / Title in the Lyrics Korean - Statistics

General Stats
  • This quiz has been taken 15 times
  • The average score is 5 of 15
Answer Stats
노래말 제목 % Correct
자 놀라지 말고 들어 매일 / I got a feel, I got a feel / 난 좀 ____! 쩔어
58%
너의 __, __, __ / 날 만지던 네 손길 / 작은 손톱까지 다 / 여전히 널 느낄 수 있지만 눈, 코, 입
50%
날 보고 ____ / (C-R-A-Z-Y) 따라 해 / (C-R-A-Z-Y) 모두 다 ____ 미쳐
50%
______ ______ / I'm genie for your dream / 내게만 말해봐 / I'm genie for your world 소원을 말해봐
42%
Hey! Mamacita 내가 ______야야 / 잔인하게 깨져버린 꿈이 ______야야 아야야
42%
____ ________ ______ / 아직은 잘 모르잖아요 / 사실 조금은 두려운 거야 그대 미안해요 우리 사랑하지 말아요
33%
뭘 쫌 아는 사람들은 다 알아서 알아봐 / 아무나 잡고 물어봐 / 누가 제일 잘 나가 / ____ ____ __ ____ 내가 제일 잘 나가
33%
난리 난리 ______ / 누가 날이 날이 날이기나? / We rock rock rock rockin' now 난리나
33%
하지마 하지 하지 ____ ______ / 니가 그럴 때마다 미칠 것 같아 하지 하지마
33%
새빨간 립스틱을 나는 ______ (______) / 깨물어 주고 싶은 애교가 여술이에요 빨개요
25%
이유도 없어 진심이 없어 / 사랑 같은 소리 따윈 집어 쳐 / 오늘밤은 ________ 삐딱하게
25%
별이 빛나는 ________ ______이야 / 이 밤이 영원하길 내 손을 잡아봐 아름다운 밤이야
25%
너는 내 ________ / 내 ________ / 말하지 않아도 느낌이 와 / 머리부터 발끝까지다 취향저격
8%
나 ______, ______, ______ 대 / 너 물러서지 않으면 다쳐도 몰라 으르랑
0%
다른 남자완 달라 이제 그만 받아줘 / You'll be my baby baby baby 너 / ____ ____ ____ __ 나를 남자 말고 너
0%
No matching quizzes found
Score Distribution
Percent of People with Each Score
Percentile by Number Answered
Your Score History
You have not taken this quiz